000 00989cam a22002655a 4500
005 20091103014612.0
008 090911s2009 ii ab b 100 0 eng d
010 _aENG-95358
020 _a9788131306666
_c795.00
035 _aEN-78891
037 _aDBAD/PUB
040 _aDPL
_beng
100 _aAzad, Priyank
245 _aRetail Management
_cby Priyank Azad
260 _aNew Delhi :
_bAPH Publishing Corporation
_c2009
270 _a4435-36/7. Ansari road, Darya Ganj
_bNew Delhi
_e110002
300 _a xviii, 283p.
_c22 cm. (Hb)
500 _a Indixing
520 _aContributed articles.
610 _aCollege of Fort St. George (Madras, India)
651 _aMadras (India)
_xIntellectual life
_y19th century.
942 _2ddc
_cEN
_mAZA
999 _c31458
_d31458